[Event "Vienna Husek op-A"]
[Site "Vienna"]
[Date "2012.08.16"]
[Round "4"]
[White "Stanka, Wolfgang"]
[Black "Paseka, Christian"]
[Result "1-0"]
[WhiteElo "2017"]
[BlackElo "1719"]
[PlyCount "109"]
[EventDate "2012.08.13"]
[EventType "swiss"]
[EventRounds "7"]
[EventCountry "AUT"]
[SourceTitle "EXT 2014"]
[Source "ChessBase"]
[SourceDate "2013.11.20"]
[SourceVersion "1"]
[SourceVersionDate "2013.11.20"]
[SourceQuality "1"]

1. e4 c5 2. Nf3 d6 3. Bb5+ Bd7 4. Bxd7+ Qxd7 5. 0-0 Nc6 6. d4 cxd4 7. Nxd4 g6 8. Nc3 Bg7 9. Be3 Nf6 10. h3 0-0 11. Qd2 Nxd4 12. Bxd4 b5 13. Rab1 b4 14. Bxf6 Bxf6 15. Nd5 Rfb8 16. Nxb4 a5 17. Nd3 Qa4 18. Rfe1 Qxa2 19. c3 Qc4 20. e5 dxe5 21. Nxe5 Bxe5 22. Rxe5 e6 23. Ra1 Qb3 24. Raxa5 Rxa5 25. Rxa5 Qxb2 26. Qd4 Qb6 27. Qxb6 Rxb6 28. Ra2 Rb1+ 29. Kh2 Rc1 30. Ra8+ Kg7 31. Rc8 h5 32. g3 Kf6 33. Kg2 Rc2 34. c4 Ke5 35. h4 f5 36. c5 f4 37. c6 fxg3 38. Kxg3 Kd6 39. Rg8 Rxc6 40. Rxg6 Rc1 41. Rg5 Rg1+ 42. Kf4 e5+ 43. Kf3 Rxg5 44. hxg5 Ke6 45. Kg3 Kf5 46. Kh4 Kg6 47. f3 Kf5 48. Kxh5 Kf4 49. g6 Kxf3 50. g7 e4 51. g8Q e3 52. Qg1 Ke2 53. Kg4 Kd2 54. Kf3 e2 55. Qe3+ 1-0

[Event "Vienna Husek op-A"]
[Site "Vienna"]
[Date "2012.08.15"]
[Round "3"]
[White "Proyer, Enno"]
[Black "Stanka, Wolfgang"]
[Result "1/2-1/2"]
[WhiteElo "1893"]
[BlackElo "2017"]
[PlyCount "129"]
[EventDate "2012.08.13"]
[EventType "swiss"]
[EventRounds "7"]
[EventCountry "AUT"]
[SourceTitle "EXT 2014"]
[Source "ChessBase"]
[SourceDate "2013.11.20"]
[SourceVersion "1"]
[SourceVersionDate "2013.11.20"]
[SourceQuality "1"]

1. d4 d5 2. c4 c6 3. Nf3 Nf6 4. e3 e6 5. b3 Bd6 6. Bb2 0-0 7. Bd3 Nbd7 8. Nbd2 Re8 9. Ne5 h6 10. f4 Bxe5 11. fxe5 Nh7 12. 0-0 f6 13. Bg6 Rf8 14. cxd5 cxd5 15. Ba3 fxe5 16. Bxh7+ Kxh7 17. Bxf8 Nxf8 18. dxe5 Ng6 19. Qc2 Bd7 20. Nf3 Rc8 21. Qd2 Bc6 22. Rac1 Kg8 23. Rc2 Nh4 24. Nd4 Bd7 25. Rxc8 Bxc8 26. Qf2 Qe7 27. Rc1 Bd7 28. Rc7 Ng6 29. Rxb7 Nxe5 30. Rxa7 Qc5 31. Ra8+ Kh7 32. Qc2+ Qxc2 33. Nxc2 Kg6 34. Ra7 Kf5 35. Nd4+ Ke4 36. Rxd7 Nxd7 37. Nxe6 Kxe3 38. Kf1 d4 39. Nxg7 Kd2 40. Nf5 d3 41. a4 Kc3 42. a5 Nc5 43. Ke1 Kxb3 44. Kd2 Kc4 45. Nxh6 Ne4+ 46. Ke3 d2 47. Ke2 Kc3 48. Nf5 Kc2 49. Ne3+ Kc1 50. a6 Nc3+ 51. Kd3 Nd5 52. a7 Nxe3 53. a8Q Nc2 54. Ke4 d1Q 55. h3 Qf1 56. Qg8 Qe2+ 57. Kf4 Qf2+ 58. Ke5 Qd4+ 59. Kf5 Ne3+ 60. Kg5 Qe5+ 61. Kg6 Qe4+ 62. Kf7 Qf5+ 63. Kg7 Nd5 64. Qf7 Qe5+ 65. Kh6 1/2-1/2

[Event "Vienna Husek op-A"]
[Site "Vienna"]
[Date "2012.08.13"]
[Round "1"]
[White "Villegas, Pierre"]
[Black "Stanka, Wolfgang"]
[Result "1-0"]
[WhiteElo "2249"]
[BlackElo "2017"]
[PlyCount "73"]
[EventDate "2012.08.13"]
[EventType "swiss"]
[EventRounds "7"]
[EventCountry "AUT"]
[SourceTitle "EXT 2014"]
[Source "ChessBase"]
[SourceDate "2013.11.20"]
[SourceVersion "1"]
[SourceVersionDate "2013.11.20"]
[SourceQuality "1"]

1. d4 d5 2. Bf4 Nf6 3. e3 Bg4 4. f3 Bf5 5. c4 c6 6. Qb3 Qb6 7. c5 Qxb3 8. axb3 a6 9. Nc3 Nbd7 10. b4 Rc8 11. g4 Bg6 12. h4 h6 13. Nge2 e6 14. Nc1 Be7 15. Nb3 Bd8 16. Bd6 Bc7 17. Bxc7 Rxc7 18. b5 Nb8 19. bxa6 Nxa6 20. Bxa6 bxa6 21. Rxa6 0-0 22. Kd2 Rb8 23. Rb6 Ra8 24. h5 Bh7 25. Ra1 Rac8 26. Raa6 Nd7 27. Na5 Nxb6 28. cxb6 Re7 29. Na4 g6 30. Nc5 gxh5 31. gxh5 e5 32. b7 Rb8 33. Rb6 exd4 34. exd4 Bf5 35. Nxc6 Ree8 36. Nxb8 Rxb8 37. Na6 1-0

[Event "Vienna Kavalier op 6th"]
[Site "Vienna"]
[Date "2011.11.01"]
[Round "7"]
[White "Stanka, Wolfgang"]
[Black "Marschalek, Harald"]
[Result "1-0"]
[WhiteElo "1991"]
[BlackElo "1777"]
[PlyCount "74"]
[EventDate "2011.10.24"]
[EventType "swiss"]
[EventRounds "7"]
[EventCountry "AUT"]
[SourceTitle "EXT 2012"]
[Source "ChessBase"]
[SourceDate "2011.11.24"]
[SourceVersion "1"]
[SourceVersionDate "2011.11.24"]
[SourceQuality "1"]

1. e4 e6 2. d4 d5 3. exd5 exd5 4. Nf3 Nf6 5. c4 Bb4+ 6. Nc3 0-0 7. Be2 dxc4 8. 0-0 Bxc3 9. bxc3 Be6 10. Rb1 Bd5 11. Ne5 Ne4 12. Qc2 Nd6 13. f3 f6 14. Ng4 Bf7 15. Ba3 Bg6 16. Qa4 Bxb1 17. Bxc4+ Kh8 18. Rxb1 Nxc4 19. Bxf8 Nb6 20. Qa3 Nc6 21. Bc5 Qe8 22. Qc1 Qg6 23. d5 Nxd5 24. Rxb7 h5 25. Nf2 Qf5 26. Ne4 Nf4 27. Qf1 Qe5 28. g3 Ne6 29. Bf2 f5 30. Rb5 fxe4 31. Rxe5 Nxe5 32. fxe4 Rf8 33. Qh3 Nf3+ 34. Kg2 Neg5 35. Qxh5+ Kg8 36. Qg4 Re8 37. h4 Nxh4+ 1-0

[Event "Graz op-B"]
[Site "Graz"]
[Date "2006.09.24"]
[Round "9.2"]
[White "Stanka, Wolfgang"]
[Black "Stolterfoht, Daniel"]
[Result "1-0"]
[WhiteElo "2047"]
[BlackElo "1859"]
[PlyCount "77"]
[EventDate "2006.09.16"]
[EventType "swiss"]
[EventRounds "9"]
[EventCountry "AUT"]
[SourceTitle "EXT 2022"]
[Source "ChessBase"]
[SourceDate "2021.10.06"]
[SourceVersion "1"]
[SourceVersionDate "2021.10.06"]
[SourceQuality "1"]

1. e4 Nf6 2. Nc3 d5 3. exd5 Nxd5 4. d4 Nc6 5. Nf3 Bg4 6. Bb5 e6 7. h3 Bxf3 8. Qxf3 a6 9. Bxc6+ bxc6 10. 0-0 Qf6 11. Qxf6 gxf6 12. Ne2 c5 13. b3 cxd4 14. Nxd4 c5 15. Nf3 c4 16. bxc4 Nb6 17. Rb1 Nxc4 18. Rd1 Bc5 19. Rb3 0-0 20. Rc3 Rfc8 21. Nd4 Ne5 22. Rg3+ Kh8 23. Nb3 Bf8 24. c3 Rd8 25. Rxd8 Rxd8 26. Kf1 Nd3 27. Bd2 Nc5 28. Ke2 Ne4 29. Rd3 Rxd3 30. Kxd3 Nxf2+ 31. Kd4 f5 32. c4 Ne4 33. c5 Kg7 34. Ba5 Kf6 35. c6 Nd6 36. Nc5 e5+ 37. Kd5 Nc8 38. Nd7+ Ke7 39. Bb4+ 1-0

[Event "Graz op-B"]
[Site "Graz"]
[Date "2006.09.23"]
[Round "8.1"]
[White "Dimitrijevic, Dragan"]
[Black "Stanka, Wolfgang"]
[Result "1-0"]
[WhiteElo "1962"]
[BlackElo "2047"]
[PlyCount "105"]
[EventDate "2006.09.16"]
[EventType "swiss"]
[EventRounds "9"]
[EventCountry "AUT"]
[SourceTitle "EXT 2022"]
[Source "ChessBase"]
[SourceDate "2021.10.06"]
[SourceVersion "1"]
[SourceVersionDate "2021.10.06"]
[SourceQuality "1"]

1. Nf3 d5 2. c4 c6 3. d4 Nf6 4. Nc3 dxc4 5. a4 Bf5 6. Ne5 e6 7. f3 Bb4 8. e4 Bxe4 9. fxe4 Nxe4 10. Bd2 Qxd4 11. Nxe4 Qxe4+ 12. Qe2 Bxd2+ 13. Kxd2 Qd5+ 14. Kc3 Na6 15. Nxc4 Qc5 16. Qe3 Qb4+ 17. Kc2 0-0 18. Be2 Nc7 19. Qa3 Qxa3 20. Rxa3 Nd5 21. Rb3 b6 22. Ne3 Nxe3+ 23. Rxe3 Rad8 24. Bf3 c5 25. Rd1 Rxd1 26. Bxd1 Rd8 27. Rd3 Rxd3 28. Kxd3 Kf8 29. Kc4 Ke7 30. Kb5 Kd6 31. Ka6 c4 32. Kxa7 Kc5 33. Ka6 f5 34. Be2 g5 35. Kb7 g4 36. Kc7 h5 37. Kd7 Kd5 38. Kc7 Kc5 39. Kd7 Kd5 40. Ke7 f4 41. Kf6 Kd4 42. Kxe6 Ke3 43. Bxc4 h4 44. Bd5 f3 45. gxf3 gxf3 46. Kf5 f2 47. Bg2 Kd4 48. Bf1 Kc5 49. Kg4 Kb4 50. Kxh4 Kxa4 51. Kg3 Kb3 52. h4 Kxb2 53. h5 1-0

[Event "Graz op-B"]
[Site "Graz"]
[Date "2006.09.18"]
[Round "3.8"]
[White "Lukas, Wolfgang"]
[Black "Stanka, Wolfgang"]
[Result "0-1"]
[WhiteElo "1983"]
[BlackElo "2047"]
[PlyCount "108"]
[EventDate "2006.09.16"]
[EventType "swiss"]
[EventRounds "9"]
[EventCountry "AUT"]
[SourceTitle "EXT 2022"]
[Source "ChessBase"]
[SourceDate "2021.10.06"]
[SourceVersion "1"]
[SourceVersionDate "2021.10.06"]
[SourceQuality "1"]

1. e4 c6 2. c4 d5 3. exd5 cxd5 4. cxd5 Nf6 5. Bb5+ Nbd7 6. Nc3 g6 7. Nf3 Bg7 8. d4 0-0 9. Bxd7 Qxd7 10. Ne5 Qd6 11. Qf3 Qb4 12. 0-0 Qxd4 13. Re1 Bf5 14. Bg5 h6 15. Rad1 Qb4 16. Bc1 Rfe8 17. a3 Qb3 18. g4 Bd7 19. Rd4 a5 20. h4 Rf8 21. g5 hxg5 22. hxg5 Nh5 23. Rh4 Rad8 24. Kg2 Qc2 25. Nd3 e6 26. Re2 Qb3 27. Nc5 Qb6 28. Be3 Qc7 29. N3e4 exd5 30. Nf6+ Bxf6 31. gxf6 d4 32. Nxd7 Qxd7 33. Bxd4 Qxd4 34. Rxd4 Rxd4 35. Re4 Rd6 36. Re7 Rxf6 37. Qxb7 Rd8 38. Re2 Nf4+ 39. Kf1 Nxe2 40. Kxe2 Re8+ 41. Kf1 Rf5 42. b4 axb4 43. axb4 Ree5 44. Qc8+ Kg7 45. Qc3 Kh7 46. Qh3+ Kg8 47. Qc3 Rb5 48. Qc8+ Kh7 49. Qc4 Rb8 50. Ke2 Kg8 51. f4 Rfb5 52. Kf3 Rxb4 53. Qc7 R4b6 54. Qc3 Rb3 0-1

[Event "Vienna-ch"]
[Site "Vienna"]
[Date "2005.10.29"]
[Round "8"]
[White "Gettler, Daniel"]
[Black "Stanka, Wolfgang"]
[Result "0-1"]
[WhiteElo "1723"]
[BlackElo "2063"]
[PlyCount "92"]
[EventDate "2005.10.22"]
[EventType "swiss"]
[EventRounds "9"]
[EventCountry "AUT"]
[SourceTitle "EXT 2007"]
[Source "ChessBase"]
[SourceDate "2006.11.23"]
[SourceVersion "1"]
[SourceVersionDate "2006.11.23"]
[SourceQuality "1"]

1. e4 c6 2. d3 d5 3. Nd2 Nf6 4. f4 Bg4 5. Ngf3 e6 6. h3 Bxf3 7. Qxf3 Be7 8. g4 Nfd7 9. Bg2 Bh4+ 10. Kd1 Na6 11. c3 Qb6 12. Rf1 Be7 13. Nb3 0-0-0 14. Kc2 Kb8 15. Be3 Qc7 16. Rae1 Ndc5 17. Qf2 b6 18. Qe2 Nb7 19. d4 b5 20. e5 Na5 21. Nc1 Qb6 22. a3 c5 23. dxc5 Bxc5 24. b4 Bxe3 25. bxa5 Qxa5 26. Qxe3 Qxa3 27. Kd1 Rc8 28. Rf3 Nc5 29. Qe2 Qa4+ 30. Qc2 Qa5 31. Ree3 Na4 32. Qb3 Rc5 33. Na2 Rhc8 34. Bf1 Nb6 35. Ke2 g5 36. fxg5 Nc4 37. Qc2 Nxe3 38. Rxe3 d4 39. Rd3 dxc3 40. Re3 b4 41. Kf2 Rxe5 42. Qb3 Qc5 43. Qxb4+ Qxb4 44. Nxb4 Rxe3 45. Kxe3 c2 46. Bg2 c1Q+ 0-1

[Event "Vienna-ch"]
[Site "Vienna"]
[Date "2005.10.27"]
[Round "6"]
[White "Zojer, Stefan"]
[Black "Stanka, Wolfgang"]
[Result "1-0"]
[WhiteElo "2084"]
[BlackElo "2063"]
[PlyCount "107"]
[EventDate "2005.10.22"]
[EventType "swiss"]
[EventRounds "9"]
[EventCountry "AUT"]
[SourceTitle "EXT 2007"]
[Source "ChessBase"]
[SourceDate "2006.11.23"]
[SourceVersion "1"]
[SourceVersionDate "2006.11.23"]
[SourceQuality "1"]

1. d4 d5 2. c4 e5 3. dxe5 d4 4. Nf3 Nc6 5. g3 Be6 6. Nbd2 Qd7 7. Bg2 0-0-0 8. 0-0 Bh3 9. Ne4 Be7 10. a3 f6 11. exf6 Nxf6 12. Bxh3 Qxh3 13. Neg5 Qh5 14. b4 Ng4 15. Ne6 Nce5 16. h4 Rd6 17. Nf4 Qf7 18. c5 Rh6 19. Ng2 Nxf3+ 20. exf3 Ne5 21. Bxh6 Nxf3+ 22. Kh1 gxh6 23. Nf4 Nxh4 24. c6 Nf5 25. Qf3 Bd6 26. Nd3 Qg6 27. cxb7+ Kb8 28. Rac1 Rf8 29. Nf4 Qg8 30. Rg1 Ne7 31. Qe4 Bxf4 32. gxf4 Qf7 33. Rc5 Qf6 34. Rg2 Ng6 35. f5 Nh4 36. Qf4 Qe7 37. Rg4 Ng6 38. Qg3 h5 39. Rg5 h4 40. Qg2 Nf4 41. Rg7 Qe1+ 42. Qg1 Qe4+ 43. Kh2 Qf3 44. Qf1 d3 45. Rcxc7 Nd5 46. Rc8+ Rxc8 47. bxc8Q+ Kxc8 48. Qc1+ Kb8 49. Rg8+ Kb7 50. Qc8+ Kb6 51. Qc5+ Ka6 52. Qa5+ Kb7 53. Rg7+ Kc6 54. Qc5# 1-0

[Event "Schwarzach op-B 19th"]
[Site "Salzburg"]
[Date "2004.08.28"]
[Round "8"]
[White "Wenger, Anton"]
[Black "Stanka, Wolfgang"]
[Result "1/2-1/2"]
[WhiteElo "1683"]
[BlackElo "2095"]
[PlyCount "44"]
[EventDate "2004.08.21"]
[EventType "swiss"]
[EventRounds "9"]
[EventCountry "AUT"]
[SourceTitle "CBM 102 Extra"]
[Source "ChessBase"]
[SourceDate "2004.11.03"]
[SourceVersion "1"]
[SourceVersionDate "2004.11.03"]
[SourceQuality "1"]

1. e4 c6 2. d4 d5 3. exd5 cxd5 4. Nf3 Nf6 5. Bf4 Nc6 6. h3 Qb6 7. b3 Bf5 8. a3 e6 9. Be2 Be7 10. 0-0 0-0 11. Be3 Ne4 12. c4 Na5 13. Nfd2 Bf6 14. c5 Qc7 15. Nxe4 Bxe4 16. Nd2 Bg6 17. b4 Nc6 18. Nf3 a6 19. Qd2 Rad8 20. a4 e5 21. dxe5 Nxe5 22. Bd4 Rfe8 1/2-1/2

[Event "AUT-chT2O 0102"]
[Site "Austria"]
[Date "2002.03.10"]
[Round "11.6"]
[White "Angerer, Michael"]
[Black "Stanka, Wolfgang"]
[Result "0-1"]
[WhiteElo "2067"]
[BlackElo "2064"]
[PlyCount "60"]
[EventDate "2001.11.??"]
[EventType "team"]
[EventRounds "11"]
[EventCountry "AUT"]
[SourceTitle "EXT 2003"]
[Source "ChessBase"]
[SourceDate "2002.11.25"]
[SourceVersion "1"]
[SourceVersionDate "2002.11.25"]
[SourceQuality "1"]

1. e4 c6 2. d4 d5 3. Nc3 e6 4. e5 c5 5. Nf3 Nc6 6. Bg5 Be7 7. Nb5 f6 8. exf6 Nxf6 9. Bf4 0-0 10. Bc7 Qd7 11. Be5 Ne4 12. Be2 c4 13. a4 a6 14. Na3 Nxe5 15. dxe5 Qxa4 16. Nxc4 Qb4+ 17. c3 Qb5 18. Ra5 Qc6 19. Ne3 Qb6 20. Ra2 Bc5 21. Qc1 d4 22. Bd3 Nxf2 23. Kxf2 dxe3+ 24. Ke2 Qb3 25. Ra5 b6 26. Bxh7+ Kxh7 27. Qb1+ g6 28. Rxc5 bxc5 29. Ng5+ Kg7 30. Rd1 Qc4+ 0-1

[Event "Schwarzach op-B"]
[Site "Schwarzach"]
[Date "2002.??.??"]
[Round "8"]
[White "Stanka, Wolfgang"]
[Black "Pieper, Harald"]
[Result "1/2-1/2"]
[WhiteElo "2064"]
[BlackElo "2157"]
[PlyCount "37"]
[EventDate "2002.08.??"]
[EventType "swiss"]
[EventRounds "9"]
[EventCountry "AUT"]
[SourceTitle "EXT 2003"]
[Source "ChessBase"]
[SourceDate "2002.11.25"]
[SourceVersion "1"]
[SourceVersionDate "2002.11.25"]
[SourceQuality "1"]

1. Nf3 d5 2. g3 Nf6 3. Bg2 c5 4. 0-0 Nc6 5. d4 e6 6. c3 cxd4 7. cxd4 Bd7 8. Nc3 Be7 9. Re1 0-0 10. e4 dxe4 11. Nxe4 Nxe4 12. Rxe4 Bf6 13. Ne5 Ne7 14. Re1 Bxe5 15. dxe5 Bc6 16. Qg4 Bxg2 17. Kxg2 Qd3 18. Rd1 Qg6 19. Qxg6 1/2-1/2

[Event "AUT-chT2O 9900"]
[Site "Austria"]
[Date "1999.11.14"]
[Round "4.6"]
[White "Stanka, Wolfgang"]
[Black "Perndl, Johann"]
[Result "0-1"]
[WhiteElo "2118"]
[BlackElo "2162"]
[PlyCount "104"]
[EventDate "1999.??.??"]
[EventType "team"]
[EventRounds "11"]
[EventCountry "AUT"]
[SourceTitle "EXT 2001"]
[Source "ChessBase"]
[SourceDate "2000.11.22"]
[SourceVersion "1"]
[SourceVersionDate "2000.11.22"]
[SourceQuality "1"]

1. e4 c6 2. d4 d5 3. exd5 cxd5 4. c4 Nf6 5. Nc3 Nc6 6. cxd5 Nxd5 7. Nf3 Bg4 8. Qb3 Bxf3 9. gxf3 Nb6 10. d5 Nd4 11. Bb5+ Nxb5 12. Qxb5+ Qd7 13. Qb3 g6 14. Be3 Bg7 15. 0-0 0-0 16. Rfd1 Qh3 17. f4 Qg4+ 18. Kf1 Qh3+ 19. Ke2 Rfd8 20. Ne4 Qh5+ 21. Ke1 Rxd5 22. Bxb6 Rxd1+ 23. Rxd1 axb6 24. Ng5 Rf8 25. Qxb6 Qxh2 26. Qb4 e5 27. Rd7 exf4 28. Qe7 Qg1+ 29. Ke2 Qg4+ 30. f3 Qg2+ 31. Ke1 Qxb2 32. Ne4 Qa1+ 33. Rd1 Bc3+ 34. Nxc3 Qxc3+ 35. Ke2 Qc4+ 36. Ke1 Qe6+ 37. Qxe6 fxe6 38. Rd7 Rf7 39. Rd8+ Kg7 40. Ke2 Kf6 41. a4 h5 42. a5 g5 43. Kf2 g4 44. fxg4 hxg4 45. Ra8 Rc7 46. Ra7 Rc2+ 47. Ke1 Rb2 48. Ra8 g3 49. Kf1 Ke5 50. Rg8 Ke4 51. Kg1 Kf3 52. Rxg3+ fxg3 0-1

[Event "Oberwart op"]
[Site "Oberwart"]
[Date "1999.??.??"]
[Round "6"]
[White "Koenig, Dietrich"]
[Black "Stanka, Wolfgang"]
[Result "0-1"]
[WhiteElo "2305"]
[BlackElo "2118"]
[PlyCount "78"]
[EventDate "1999.07.??"]
[EventType "swiss"]
[EventRounds "9"]
[EventCountry "AUT"]
[SourceTitle "EXT 2000"]
[Source "ChessBase"]
[SourceDate "1999.11.16"]
[SourceVersion "1"]
[SourceVersionDate "1999.11.16"]
[SourceQuality "1"]

1. d4 Nf6 2. c4 d5 3. Nc3 c6 4. cxd5 cxd5 5. Nf3 Nc6 6. Bf4 Bf5 7. e3 e6 8. Bb5 Nd7 9. 0-0 Be7 10. Qb3 0-0 11. Rfc1 Rc8 12. Bxc6 bxc6 13. Qb7 a5 14. Ne5 Nxe5 15. Bxe5 Bd6 16. Bxd6 Qxd6 17. Na4 e5 18. dxe5 Qg6 19. Kh1 Rb8 20. Qc7 Rb4 21. Rxc6 Qh5 22. Nc3 Be6 23. e4 d4 24. Nd5 Rxb2 25. Qxa5 Rxf2 26. Rg1 Qe2 27. Qe1 Qxa2 28. Nb4 Qe2 29. Nd3 Qxd3 30. Qxf2 Qxe4 31. Rc5 Rd8 32. Re1 Qa8 33. Qf3 Qa2 34. Kg1 d3 35. Rd1 h5 36. Rc3 Bg4 37. Qf1 Bxd1 38. Qxd1 Qd5 39. h3 Qd4+ 0-1

[Event "Oberwart op"]
[Site "Oberwart"]
[Date "1999.??.??"]
[Round "7"]
[White "Stanka, Wolfgang"]
[Black "Gaertner, Guntram"]
[Result "1/2-1/2"]
[WhiteElo "2118"]
[BlackElo "2336"]
[PlyCount "154"]
[EventDate "1999.07.??"]
[EventType "swiss"]
[EventRounds "9"]
[EventCountry "AUT"]
[SourceTitle "EXT 2000"]
[Source "ChessBase"]
[SourceDate "1999.11.16"]
[SourceVersion "1"]
[SourceVersionDate "1999.11.16"]
[SourceQuality "1"]

1. e4 c6 2. d4 d5 3. exd5 cxd5 4. c4 Nf6 5. Nc3 e6 6. Nf3 Bb4 7. cxd5 exd5 8. a3 Be7 9. h3 Ne4 10. Bd3 Nxc3 11. bxc3 Nd7 12. 0-0 0-0 13. Re1 Nf6 14. Bb1 Re8 15. Ne5 Be6 16. f4 Qc8 17. Qf3 Ne4 18. Rxe4 dxe4 19. Bxe4 Rb8 20. f5 Bc4 21. Nxc4 Qxc4 22. Bd5 Qc7 23. f6 Bd6 24. Bd2 g6 25. h4 Bh2+ 26. Kf2 Rbd8 27. c4 Rxd5 28. cxd5 Qc2 29. Rd1 Bd6 30. Kg1 h5 31. Bb4 Qc7 32. Bxd6 Qxd6 33. Rf1 Kh7 34. Qb3 b6 35. Qa4 Re2 36. Qc4 Re4 37. Qc6 Qg3 38. Qd7 Qe3+ 39. Rf2 Qe1+ 40. Rf1 Qe3+ 41. Rf2 Kg8 42. Qc8+ Re8 43. Qc7 Qxd4 44. Qe7 Rc8 45. Qe1 Qxd5 46. Qe3 Qc5 47. Qxc5 bxc5 48. Kf1 c4 49. Ke2 c3 50. Kd3 Kh7 51. Kc2 Rc6 52. Rf3 Kh6 53. g3 g5 54. Rf5 gxh4 55. gxh4 Rc4 56. Ra5 Rc7 57. Re5 Rc6 58. Re7 Kg6 59. Rxa7 Kxf6 60. a4 Ke6 61. a5 f5 62. Rh7 Ke5 63. Rxh5 Ra6 64. Kxc3 Rxa5 65. Rh8 Ke4 66. h5 Ra3+ 67. Kc4 Ra7 68. h6 Rc7+ 69. Kb4 f4 70. h7 Kf3 71. Kb5 Rf7 72. Kc5 Kf2 73. Kd5 f3 74. Ke6 Ra7 75. Kf6 Ra6+ 76. Kg7 Ra7+ 77. Kg6 Ra6+ 1/2-1/2

[Event "Donau op 06th"]
[Site "Aschach"]
[Date "1997.12.27"]
[Round "2"]
[White "Stanka, Wolfgang"]
[Black "Heimberger, Reinhard"]
[Result "0-1"]
[WhiteElo "2130"]
[BlackElo "2260"]
[PlyCount "80"]
[EventDate "1997.12.26"]
[EventType "swiss"]
[EventRounds "7"]
[EventCountry "AUT"]
[SourceTitle "CBM 063 Extra"]
[Source "ChessBase"]
[SourceDate "1998.04.29"]
[SourceVersion "1"]
[SourceVersionDate "1998.04.29"]
[SourceQuality "1"]

1. e4 c5 2. d4 cxd4 3. c3 Nf6 4. e5 Nd5 5. cxd4 e6 6. Nf3 Nc6 7. Bd3 d6 8. 0-0 Be7 9. Nc3 Nxc3 10. bxc3 dxe5 11. Nxe5 Nxe5 12. dxe5 Qa5 13. Qe2 Bd7 14. f4 g6 15. Be4 Rc8 16. Rb1 b5 17. Rd1 Rc7 18. Be3 0-0 19. Bd4 Rb8 20. Qf2 Rbc8 21. g4 b4 22. cxb4 Bxb4 23. f5 Ba4 24. Rf1 exf5 25. gxf5 Bc5 26. fxg6 hxg6 27. e6 f5 28. e7 Bxd4 29. Qxd4 fxe4 30. Qd8+ Kh7 31. Rf7+ Kh6 32. Qf8+ Kg5 33. h4+ Kg4 34. Rff1 Qc5+ 35. Kh1 Qxe7 36. Qh6 Qxh4+ 37. Qxh4+ Kxh4 38. Rf4+ Kg3 39. Rf6 Rh7+ 40. Kg1 g5 0-1